|
|
|
|
| LEADER |
00000nab a2200000 a 4500 |
| 001 |
vtls000632502 |
| 003 |
SK-MaSNL |
| 005 |
20260304224527.0 |
| 008 |
150420c1995 xo 0 slo |
| 015 |
|
|
|a SNBRA19rr/mm-uuuuu
|
| 035 |
|
|
|a CL0632641
|
| 040 |
|
|
|a SNKBUCL
|b slo
|c SNKBUCL
|e AACR2
|
| 041 |
0 |
|
|a slo
|
| 044 |
|
|
|a xo
|c SK
|
| 080 |
|
|
|a 82.035:882-1
|2 1981
|
| 080 |
|
|
|a 882-1.035
|2 1981
|
| 080 |
|
|
|a 82(091):885.4"19"
|2 1981
|
| 080 |
|
|
|a 885.4(091)"19"
|2 1981
|
| 100 |
1 |
|
|a Zambor, Ján,
|d 1947-
|4 aut
|9 106743
|
| 245 |
1 |
0 |
|a Jesenského preklady z novšej ruskej poézie
|c Ján Zambor
|
| 300 |
|
|
|b Lit. 8 zázn. v ruš., slov.
|
| 600 |
1 |
7 |
|a Jesenský, Janko,
|d 1874-1945
|2 snkbucl
|9 185488
|
| 650 |
0 |
7 |
|a ruská poézia
|2 snkbucl
|9 66518
|
| 650 |
0 |
7 |
|a literárny preklad
|2 snkbucl
|9 28595
|
| 650 |
0 |
7 |
|a preklady do slovenčiny
|2 snkbucl
|9 59836
|
| 655 |
|
7 |
|a články zo zborníkov
|2 snkbucl
|9 166140
|
| 773 |
0 |
|
|t Literárny archív 31/94
|d Martin : Matica slovenská, 1995
|g S. 207-214
|z 8070903422
|
| 850 |
|
|
|a Slovenská národná knižnica v Martine
|a MTA001
|
| 852 |
|
|
|a SNK
|b KIS3GCP
|
| 958 |
|
|
|a LX
|
| 958 |
|
|
|a SK
|
| 958 |
|
|
|a NB
|
| 958 |
|
|
|a RK
|
| 999 |
|
|
|c 3172721
|d 3174651
|